000 00593nam a22001697a 4500
003 UA-OsUOA
001 10156
007 ta
008 20041224b un ||||| |||| 00| 0 ukr d
942 _cSA
040 _aUA-OsUOA
_cUA-OsUOA
_dUA-OsUOA
245 _aКінець епохи повітряних ліній
_b[На Рівненщині завершено заміну повітр. з'єднув. ліній на кабельні]
300 _aС.4
955 _a0
773 0 _w0
_tВісті Рівненщини
_dРівне
_d2004
_g№119/17 груд./
650 7 _aЗв'язок
_2UDC
999 _c296317
_d296317